MARC details
| 000 -CABECERA |
| campo de control de longitud fija |
02322nam a2200337 a 4500 |
| 001 - NÚMERO DE CONTROL |
| campo de control |
000000840 |
| 003 - IDENTIFICADOR DEL NÚMERO DE CONTROL |
| campo de control |
DO-SdBNP |
| 005 - FECHA Y HORA DE LA ÚLTIMA TRANSACCIÓN |
| campo de control |
20251211102720.0 |
| 008 - DATOS DE LONGITUD FIJA--INFORMACIÓN GENERAL |
| campo de control de longitud fija |
090529s2005 dr 000 0 spa d |
| 040 ## - FUENTE DE LA CATALOGACIÓN |
| Centro catalogador/agencia de origen |
DO-SdBNP |
| Lengua de catalogación |
spa |
| Centro/agencia transcriptor |
BNPHU |
| 082 ## - NÚMERO DE LA CLASIFICACIÓN DECIMAL DEWEY |
| Número de clasificación |
320.6 |
| Número de documento/Ítem |
P912n |
| 100 1# - ENTRADA PRINCIPAL--NOMBRE DE PERSONA |
| Nombre de persona |
Prats Catalá, Joan, |
| Fechas asociadas al nombre |
1942- |
| 9 (RLIN) |
2975 |
| 245 10 - MENCIÓN DE TÍTULO |
| Título |
Nuevos horizontes de la reforma del Estado : |
| Resto del título |
la política y la reforma del Estado ante los desafíos de la globalización, la desigualdad y la democratización / |
| Mención de responsabilidad, etc. |
Joan Prats Catalá ; prólogo Marcos Villamán. |
| 260 ## - PUBLICACIÓN, DISTRIBUCIÓN, ETC. |
| Lugar de publicación, distribución, etc. |
Santo Domingo : |
| Nombre del editor, distribuidor, etc. |
CONARE, |
| Fecha de publicación, distribución, etc. |
2005. |
| 300 ## - DESCRIPCIÓN FÍSICA |
| Extensión |
85 p. ; |
| Dimensiones |
22 cm. |
| 490 0# - MENCIÓN DE SERIE |
| Mención de serie |
Cuadernillos de la reforma. |
| 500 ## - NOTA GENERAL |
| Nota general |
Incluye referencias biográficas del autor. |
| 505 0# - NOTA DE CONTENIDO CON FORMATO |
| Nota de contenido con formato |
Prólogo / Marcos Villamán. -- Transformaciones del Estado y la política en la globalización -- Cambios en la estructura y el rol del Estado -- Fortalecer la capacidad de acción exterior de los estados -- Globalización y reforma del Estado en América Latina -- Veinticinco años de transformaciones administrativas -- Transformaciones a nivel general y sus ideas inspiradoras -- Transformaciones en América Latina. El contexto general: el consenso de Washington -- Sumario del consenso de Washington de 1989 -- ¿Esfuerzos sin premio? -- Reformas administrativas e indicadores de desarrollo institucional -- El fracaso de la cooperación internacional: buscando el porqué -- Nuevos horizontes de la reforma del Estado y la cooperación internacional -- Partir de la desigualdad como dato estructural -- La política necesaria: concepto, defensa y elogio de la política -- Entendiendo las dificultades de la democracia en América Latina -- Nuevos planteamientos para la cooperación. |
| 590 ## - NOTA LOCAL (RLIN) |
| Nota local |
Inventariado, 2018/ YL |
| 650 #4 - PUNTO DE ACCESO ADICIONAL DE MATERIA--TÉRMINO DE MATERIA |
| Término de materia o nombre geográfico como elemento de entrada |
Reforma del Estado |
| 9 (RLIN) |
2976 |
| 650 #0 - PUNTO DE ACCESO ADICIONAL DE MATERIA--TÉRMINO DE MATERIA |
| Término de materia o nombre geográfico como elemento de entrada |
Globalización |
| 9 (RLIN) |
1524 |
| 650 #4 - PUNTO DE ACCESO ADICIONAL DE MATERIA--TÉRMINO DE MATERIA |
| Término de materia o nombre geográfico como elemento de entrada |
Desigualdad social |
| Subdivisión general |
América Latina |
| 9 (RLIN) |
2977 |
| 650 #0 - PUNTO DE ACCESO ADICIONAL DE MATERIA--TÉRMINO DE MATERIA |
| Término de materia o nombre geográfico como elemento de entrada |
Democracia |
| Subdivisión general |
América Latina |
| 9 (RLIN) |
286 |
| 651 #0 - PUNTO DE ACCESO ADICIONAL DE MATERIA--NOMBRE GEOGRÁFICO |
| Nombre geográfico |
América Latina |
| Subdivisión general |
Política y gobierno |
| 9 (RLIN) |
4092 |
| 651 #0 - PUNTO DE ACCESO ADICIONAL DE MATERIA--NOMBRE GEOGRÁFICO |
| Nombre geográfico |
América Latina |
| Subdivisión general |
Administración pública |
| 9 (RLIN) |
4092 |
| 700 1# - PUNTO DE ACCESO ADICIONAL--NOMBRE DE PERSONA |
| Nombre de persona |
Villamán, Marcos, |
| Término indicativo de función/relación |
pról. |
| 9 (RLIN) |
760 |
| 710 1# - PUNTO DE ACCESO ADICIONAL--NOMBRE DE ENTIDAD CORPORATIVA |
| Nombre de entidad corporativa o nombre de jurisdicción como elemento de entrada |
República Dominicana. Consejo Nacional de Reforma del Estado |
| 9 (RLIN) |
64396 |
| 830 #0 - PUNTO DE ACCESO ADICIONAL DE SERIE-TÍTULO UNIFORME |
| Título uniforme |
Cuadernillos de la reforma. |
| 9 (RLIN) |
2981 |
| 910 ## - DATOS DE OPCIÓN DEL USUARIO (OCLC) |
| Datos de opción del usuario |
Validado. Control de calidad EMS |
| 942 ## - ELEMENTOS DE PUNTO DE ACCESO ADICIONAL (KOHA) |
| Fuente del sistema de clasificación o colocación |
Dewey Decimal Classification |
| Tipo de ítem Koha |
Libro |